[Event "7th RTU Open 2017"]
[Site "Riga"]
[Date "2017.08.07"]
[Round "1"]
[White "Fridman, Daniel"]
[Black "Ivanov, Mike"]
[Result "1/2-1/2"]
[WhiteElo "2640"]
[BlackElo "2262"]
[Annotator "TA"]
[PlyCount "116"]
[EventDate "2017.??.??"]
[EventType "swiss"]
[EventCountry "LAT"]
[SourceTitle "playchess.com"]
[Source "ChessBase"]
[SourceQuality "1"]

{[%evp 9,116,35,57,59,54,54,53,37,54,66,63,33,25,34,60,70,68,79,75,75,76,74,95,96,113,65,75,-74,-57,-57,0,0,0,0,0,0,39,0,40,43,92,91,108,93,106,50,93,59,100,95,147,114,161,147,148,154,145,29,178,184,196,106,131,67,85,77,83,14,2,-1,-5,-168,-108,-385,-145,-144,0,-378,0,-159,0,-406,-381,-378,-375,-387,-335,-327,-325,-325,-297,-322,-319,-315,-300,-300,-288,-279,-275,-992,0,-12,0,0,0,0,0,0,0]} 1. Nf3 Nc6 2. d4 d5 3. e3 Bg4 4. Bb5 e6 5. c4 Bb4+ 6. Bd2 {D02: 1 d4 d5 2 Nf3 sidelines, including 2...Nf6 3 g3 and 2...Nf6 3 Bf4} Bxd2+ 7. Nbxd2 ({Much worse is} 7. Kxd2 dxc4 8. Bxc6+ bxc6 $11) 7... Nge7 8. h3 {[%cal Bh2h3,Bh3h4,Bh4h5][%mdl 32] White is slightly better.} Bh5 9. cxd5 exd5 10. g4 $146 ({Predecessor:} 10. Qb3 Rb8 11. Ne5 O-O 12. Bxc6 Nxc6 {½-½ (43) Terrieux,K (2434)-Philippe,C (2422) Mulhouse 2011}) 10... Bg6 11. h4 a6 12. Bxc6+ Nxc6 13. h5 Be4 14. Nxe4 dxe4 15. Nd2 $1 Qe7 16. Qb1 $1 Nb4 17. Nxe4 O-O-O 18. f3 (18. a3 $16 {keeps the pressure on.} Nd5 19. Qd3) 18... g6 $1 $17 {And now ...f5 would win.} 19. g5 h6 (19... gxh5 $15 20. Kd2 (20. Rxh5 h6 $11) 20... Nd5) 20. hxg6 $11 {Threatens to win with g7.} hxg5 21. Rxh8 Rxh8 22. g7 Rg8 {Hoping for ...f5.} 23. Kd2 {aiming for Ng3.} Rxg7 24. Nc5 Rg8 25. a3 Nc6 26. Qf5+ $1 Kb8 27. Rc1 (27. Rh1 $16) 27... Re8 28. Ne4 g4 29. Qxg4 Na5 ({Better is} 29... Qd8) 30. Ke2 b6 31. b4 Nb7 32. Qf4 Rg8 33. Kf2 ({White should play} 33. Nf6 $16 Rg2+ 34. Kd3 (34. Kf1 Ra2 $16)) 33... a5 (33... f5 $1 $11 {and Black is okay.} 34. Qxf5 Qh4+ 35. Ke2 Qh2+ 36. Nf2 Rg2) 34. Nf6 $18 Rd8 35. bxa5 (35. Ng4 $18) 35... Nxa5 $16 36. Rc3 (36. a4 $16) 36... Rd6 $14 37. Ne4 Rg6 38. d5 (38. Ng3 $16) 38... Nb7 $1 $11 39. Qh2 f5 40. Nd2 $2 (40. Rc6 $1 $11 Rxc6 41. dxc6) 40... Qg7 $1 $19 {[%cal Rg7c3][%mdl 1024] Black has strong compensation.} 41. Rd3 $2 {[%mdl 8192]} (41. Rc6 $17) 41... Rh6 $2 (41... Nc5 $19 42. Rd4 f4 $1 {[%mdl 512]}) 42. Qg3 $17 Rg6 $2 $40 {[%mdl 128] Black attacks.} (42... Qb2 $17 43. Rd4 Nd6) 43. Qh2 $19 Rh6 (43... Nc5 $19 44. Rd4 f4 $1 {[%mdl 512]}) 44. Qg3 $17 Rg6 $2 (44... Qb2 $17 45. Rd4 Nd6) 45. Qh2 $19 Nc5 46. Rd4 {[#]} f4 $1 {[%mdl 512]} 47. d6 {[#]} (47. Rxf4 Nd3+) 47... Rg2+ $1 {[%mdl 512]} 48. Qxg2 fxe3+ 49. Kf1 Qxd4 50. Qg8+ Kb7 51. dxc7 Qd3+ 52. Kg1 Kxc7 53. Qf7+ {[#]} Kb8 $1 54. Ne4 $2 (54. Nc4 Qd1+ 55. Kg2) 54... e2 $2 (54... Qd1+ $19 55. Kh2 e2 56. Qf4+ Kb7) 55. Qe8+ {The position is equal.} Ka7 56. Qe7+ Nb7 57. Kf2 {[#]} e1=Q+ $1 {[%mdl 512]} 58. Kxe1 Qe3+ {Precision: White = 39%, Black = 38%.} 1/2-1/2

[Event "7th RTU Open 2017"]
[Site "Riga"]
[Date "2017.08.07"]
[Round "1"]
[White "Jumabayev, Rinat"]
[Black "Holtman, Teodor"]
[Result "1-0"]
[WhiteElo "2610"]
[BlackElo "2252"]
[Annotator "TA"]
[PlyCount "59"]
[EventDate "2017.??.??"]
[EventType "swiss"]
[EventCountry "LAT"]
[SourceTitle "playchess.com"]
[Source "ChessBase"]
[SourceQuality "1"]

{[%evp 17,59,21,43,34,35,31,53,52,50,28,53,49,49,55,46,54,74,79,96,83,118,37,71,22,124,101,115,112,220,208,218,231,207,164,392,403,415,399,849,830,29986,29987,29991,29992]} 1. Nf3 f5 2. g3 Nf6 3. Bg2 g6 4. b3 Bg7 5. Bb2 O-O 6. d4 d6 7. O-O c6 8. c4 Na6 9. Nc3 Rb8 10. Rc1 {A88: Dutch Defence: Leningrad System: 5 Nf3 0-0 6 0-0 d6 7 Nc3 c6} Bd7 11. a3 $146 ({Find the theoretical novelty and annotate with similar games:} 11. d5 Nc5 12. Nd4 Qb6 13. e3 a5 14. Qe2 Rbc8 15. Rfd1 a4 16. Nxa4 Nxa4 17. bxa4 cxd5 18. cxd5 Bxa4 19. Rxc8 Rxc8 {0-1 (52) Bu,X (2715)-Lu,S (2607) Shenzhen 2016}) 11... Nc7 12. b4 {White is slightly better.} Kh8 13. Qd3 b5 14. cxb5 Nxb5 15. Nxb5 Rxb5 16. Nd2 {[%cal Bf3d2,Bd2c4,Bc4a5][%mdl 32]} Nd5 17. Nc4 Qb8 18. Rc2 f4 19. Qd2 (19. e4 $16) 19... Qe8 20. Na5 g5 (20... Bf5 $11 {keeps the balance.}) 21. Rfc1 {[%cal Ra5c6]} Rb6 (21... fxg3 $2 22. hxg3 Nb6 23. e4 $18 (23. Nxc6 Rbf5 $18) (23. Bxc6 Rbf5 $16)) 22. e4 {[%cal Be2e4,Be4d5][%mdl 32]} Nf6 {[#]} (22... fxe3 $16 {is a better defense.} 23. fxe3 Nf6) 23. d5 $1 $18 (23. gxf4 gxf4 24. f3 (24. Qxf4 Nh5 $11) 24... Nh5 $16) 23... cxd5 24. exd5 Qh5 25. Qe2 $36 {[%mdl 2048] Keeping Black busy.} ({Not} 25. gxf4 gxf4 26. Qe2 (26. Qxf4 Bh6 $11) 26... Qg5 $14) 25... Bg4 $2 (25... Qxe2 {might work better.} 26. Rxe2 Ng8) 26. Qxe7 {Bxf6 would kill now.} Re8 27. Qxa7 f3 $2 (27... Rbb8 28. Rc7 Ra8) 28. Rc7 fxg2 29. Rxg7 Qh6 {[#]} 30. Qf7 $1 {[%mdl 512] Precision: White = 75%, Black = 24%.} 1-0

[Event "7th RTU Open 2017"]
[Site "Riga"]
[Date "2017.08.07"]
[Round "1"]
[White "Tregubov, Pavel V"]
[Black "Pedersen, Nicolai Kvist Brond"]
[Result "1-0"]
[WhiteElo "2593"]
[BlackElo "2238"]
[Annotator "TA"]
[PlyCount "83"]
[EventDate "2017.??.??"]
[EventType "swiss"]
[EventCountry "LAT"]
[SourceTitle "playchess.com"]
[Source "ChessBase"]
[SourceQuality "1"]

{[%evp 21,83,9,39,36,30,37,36,38,77,68,75,57,69,62,61,59,67,65,63,-7,46,46,65,74,67,47,78,62,82,85,85,86,82,67,236,234,207,81,76,93,81,65,144,135,167,164,133,143,164,113,241,176,170,168,179,177,177,177,29976,29978,29982,29981,29996,29997]} 1. d4 Nf6 2. c4 e6 3. Nc3 Bb4 4. e3 O-O 5. Bd3 c5 6. Nge2 cxd4 7. exd4 d5 8. cxd5 Nxd5 9. O-O Nc6 10. Nxd5 Qxd5 11. a3 Be7 12. Qc2 {E48: Nimzo-Indian: Rubinstein: 5 Bd3 d5 including 6 Ne2, but excluding 6 a3} g6 13. Rd1 Bf6 14. Be4 {White is slightly better.} Qd8 {[#]} 15. Bxc6 $146 ({Find the theoretical novelty and annotate with similar games:} 15. Bh6 Re8 16. d5 exd5 17. Bxd5 Qe7 18. Ng3 Be6 19. Ne4 Nd4 {0-1 (56) Tregubov,P (2585)-Inarkiev,E (2709) Doha 2016}) 15... bxc6 16. Bf4 Ba6 17. Ng3 Qb6 18. Be5 Be7 19. Ne4 f6 20. Bg3 (20. Bf4 $14) 20... Rad8 (20... f5 $1 $11 21. Bd6 Bxd6 22. Nxd6 Rad8) 21. Nc5 $14 Bc8 22. b4 Rd5 23. Qe4 Bxc5 24. dxc5 Qb7 25. Bd6 Rf7 26. f4 {[%cal Bf2f4,Bf4e5][%mdl 32]} Bd7 27. h3 e5 $2 (27... Qa6 $14) 28. fxe5 $18 f5 29. Qe2 (29. Qh4 $18 {has better winning chances.} Rxd1+ 30. Rxd1) 29... Rxd1+ $16 30. Rxd1 {[#] e6 is the strong threat.} Be6 31. Rd4 f4 (31... Kg7 $14) 32. Qf3 Kg7 33. Rxf4 Rxf4 34. Qxf4 {[%csl Gd6][%cal Rf4f8]} Qf7 35. Qd4 (35. Qe4 $18) 35... Qb7 (35... a6 $16 {was worth a try.} 36. Qh4 h5) 36. Qh4 {White wants to mate with Qf6+.} Qf7 37. Be7 {Black must now prevent b5!} h6 38. b5 cxb5 {[#]} 39. c6 $1 $36 {[%mdl 2048] Strongly threatening Bf6+. Black is under strong pressure.} Qf5 $2 (39... g5 $18 40. Bf6+ Kg6) 40. Bf6+ {White mates.} Kh7 41. Qb4 Bf7 42. Qf8 {Precision: White = 73%, Black = 35%.} 1-0

[Event "7th RTU Open 2017"]
[Site "Riga"]
[Date "2017.08.07"]
[Round "1"]
[White "Kryakvin, Dmitry"]
[Black "Yuferev, Oleg"]
[Result "1/2-1/2"]
[WhiteElo "2583"]
[BlackElo "2233"]
[Annotator "TA"]
[PlyCount "104"]
[EventDate "2017.??.??"]
[EventType "swiss"]
[EventCountry "LAT"]
[SourceTitle "playchess.com"]
[Source "ChessBase"]
[SourceQuality "1"]

{[%evp 10,104,6,-2,1,-7,-10,-33,-18,-23,-6,-12,-15,-14,-11,-16,0,0,6,10,6,8,27,10,18,0,-8,-19,0,0,0,0,0,0,8,5,10,10,12,0,0,0,0,0,0,0,0,-35,-35,-39,-36,-36,-36,-43,-45,-53,-44,-81,-81,-88,-81,-93,-111,-130,-130,-130,-130,-145,-145,-157,-121,-138,-65,-59,-58,-80,-86,-166,-78,-75,-74,-121,-59,-59,-59,-59,-59,-59,-59,-64,-8,-8,-8,-8,-8,-8,-8]} 1. c4 c5 2. g3 Nc6 3. Bg2 g6 4. Nc3 Bg7 5. a3 b6 6. b4 {b5 is the strong threat.} Bb7 {A36: Symmetrical English vs ...g6: 4 Bg2 Bg7} 7. Bb2 (7. Rb1 Rb8 8. Nf3 Nf6 9. O-O O-O 10. e3 cxb4 11. axb4 d5 12. cxd5 Nxd5 13. Nxd5 Qxd5 14. d4 {1-0 (51) Grischuk,A (2747)-Ponomariov,R (2706) Almaty 2016}) 7... d6 8. Qb1 $146 (8. b5 $5 {[%cal Rb5c6]} Na5 9. Bxb7 Nxb7 10. Nf3 $11) ({Find the theoretical novelty and annotate with similar games:} 8. Nh3 Qd7 9. Qa4 h5 10. Nf4 h4 11. g4 e6 12. h3 Nge7 13. Rb1 O-O 14. g5 {½-½ (32) Semcesen,D (2387)-Rusev,K (2498) Ballerup 2009}) 8... Qd7 {Black is slightly better.} 9. Nf3 Nd4 10. O-O Nxf3+ 11. exf3 Nf6 12. Ne4 O-O 13. Nxf6+ Bxf6 14. Bxf6 exf6 15. d4 d5 16. dxc5 dxc4 17. Rc1 Bd5 18. Qb2 Qf5 19. Qd4 bxc5 20. Qxc5 Rfc8 21. Qd4 Qe5 22. Qxe5 fxe5 23. Rc3 Rab8 24. Re1 {[#]} a5 $1 {[%mdl 512]} 25. Rxe5 (25. bxa5 Rb3) 25... axb4 26. axb4 Be6 27. b5 Bd7 28. Bf1 Rxb5 29. f4 Rb1 $36 {[%mdl 2048] ( -> ...Bh3). Black has good play.} 30. Kg2 $1 Be6 31. Be2 Rb3 32. Ree3 Kf8 33. Kf3 Bd5+ 34. Kg4 Rxc3 35. Rxc3 $17 {[%mdl 4096] Endgame KRB-KRB} Ke7 36. f5 Kd6 $1 37. Kg5 Ke5 38. fxg6 hxg6 39. h4 Kd4 40. Rc1 Be6 (40... Re8 $17 41. Rd1+ Kc5) 41. g4 $15 c3 {Hoping for ...Bb3.} 42. h5 gxh5 43. gxh5 {[#]} c2 (43... Rc5+ $1 $19 {has better winning chances.} 44. Kf4 c2) 44. Kf6 $17 {[#]} Bb3 $1 45. Kg7 f5 (45... Rc6 $17 46. Bf3 Rb6) 46. h6 $15 Kc3 47. h7 Kd2 $1 {[%csl LRc1,LRe2]} 48. Rxc2+ $1 Bxc2 49. Ba6 Rc7+ ({Black should play} 49... Rb8 $15 50. h8=Q Rxh8 51. Kxh8 f4) 50. Kh6 $11 {[#]The position is equal.} Rxh7+ $1 {[%mdl 512]} 51. Kxh7 f4+ 52. Kh6 $1 Ke1 {Precision: White = 60%, Black = 67%.} 1/2-1/2

[Event "7th RTU Open 2017"]
[Site "Riga"]
[Date "2017.08.07"]
[Round "1"]
[White "Kulaots, Kaido"]
[Black "Scott, Gordon W"]
[Result "1-0"]
[WhiteElo "2577"]
[BlackElo "2218"]
[Annotator "TA"]
[PlyCount "45"]
[EventDate "2017.??.??"]
[EventType "swiss"]
[EventCountry "LAT"]
[SourceTitle "playchess.com"]
[Source "ChessBase"]
[SourceQuality "1"]

{[%evp 16,45,9,9,9,8,13,0,0,3,54,54,47,46,56,35,37,31,43,40,41,31,111,121,261,253,261,222,215,241,490,474]} 1. e4 e6 2. d3 d5 3. Qe2 Nc6 4. Nf3 Nf6 5. e5 Nd7 6. g3 {C00: French: Unusual White 2nd moves} f6 7. exf6 Qxf6 8. Bg2 Bd6 9. O-O {LiveBook: 4 Games} O-O {[#]} 10. d4 $146 {[%mdl 512]} ({Predecessor:} 10. c4 Nc5 11. Nc3 dxc4 12. dxc4 {½-½ (32) Adams,M (2725)-Meier,G (2640) Baden-Baden 2013}) 10... Kh8 (10... Nxd4 11. Nxd4) 11. c3 e5 {[%cal Re5d4]} 12. Be3 Nb6 (12... Qg6 $11) 13. dxe5 Nxe5 14. Nxe5 Qxe5 15. Nd2 c6 16. a4 Bf5 17. a5 $36 {[%mdl 2048] White is more active.} Nd7 18. a6 bxa6 ({Black should play} 18... b6 $14) 19. Qxa6 $16 Rab8 (19... Rac8 $16) 20. Qxc6 Rfc8 21. Qxd5 Qxd5 22. Bxd5 Rxb2 $2 {[#]} (22... Bc5 23. b4 Bxe3 24. fxe3 Bd3) 23. Nc4 {Precision: White = 93%, Black = 24%.} 1-0

[Event "7th RTU Open 2017"]
[Site "Riga"]
[Date "2017.08.07"]
[Round "1"]
[White "Vorobiov, Evgeny E"]
[Black "Semjonovs, Ilja"]
[Result "1-0"]
[WhiteElo "2569"]
[BlackElo "2216"]
[Annotator "TA"]
[PlyCount "55"]
[EventDate "2017.??.??"]
[EventType "swiss"]
[EventCountry "LAT"]
[SourceTitle "playchess.com"]
[Source "ChessBase"]
[SourceQuality "1"]

{[%evp 16,55,43,37,64,58,67,43,44,43,44,50,64,53,52,49,49,55,58,55,56,-25,-25,-33,32,39,77,73,152,0,137,176,511,505,936,912,965,979,970,955,1388,1377]} 1. Nf3 Nf6 2. c4 c5 3. Nc3 Nc6 4. d4 cxd4 5. Nxd4 d6 6. e4 g6 7. f3 Bg7 8. Be3 O-O 9. Be2 Nxd4 {B38: Sicilian: Maroczy Bind with 5...Bg7 and 7...0-0} 10. Bxd4 Be6 11. Rc1 (11. O-O Qa5 12. Rc1 Rfc8 13. b3 a6 14. f4 b5 15. f5 Bd7 16. Bxf6 Bxf6 17. Nd5 Bg5 18. Rc3 e6 19. Rg3 Bh4 20. Rg4 {1-0 (30) Efimenko,Z (2651)-Korobov,A (2692) Rivne 2016}) 11... a6 {White is slightly better.} 12. O-O Rc8 13. b3 Nd7 14. Bxg7 Kxg7 15. f4 $146 {Threatens to win with f5.} f6 16. Kh1 Qa5 17. Qd3 Rc7 18. Qg3 ({Better is} 18. a4 $14) 18... b5 $1 $11 {[%cal Rb5c4]} 19. Bg4 Bxg4 ({Black should play} 19... Bg8 $15) 20. Qxg4 $14 f5 21. Qe2 {Hoping for Nd5.} Nb6 {[#]} (21... Nf6 $142) 22. e5 $2 (22. c5 $1 $16 {[%mdl 512]}) 22... bxc4 (22... Qb4 $11 {keeps the balance.}) 23. exd6 $16 exd6 $2 (23... Rb7 {is a better chance.}) 24. Qb2 $18 {And now b4 would win.White is clearly winning.} Rb7 (24... Na4 $142 25. bxa4 Kg8) 25. b4 Nd5 26. Nxd5+ {[%cal Bc3d5,Bd5f6,Bf6h7][%mdl 32]} ({Not} 26. bxa5 Rxb2 27. Nxd5 Rxa2 $18) 26... Kg8 27. Nf6+ Kf7 28. Nxh7 {Precision: White = 62%, Black = 35%.} 1-0

[Event "7th RTU Open 2017"]
[Site "Riga"]
[Date "2017.08.07"]
[Round "1"]
[White "Ghosh, Diptayan"]
[Black "Laimins, Lauris"]
[Result "1-0"]
[WhiteElo "2562"]
[BlackElo "2213"]
[Annotator "TA"]
[PlyCount "55"]
[EventDate "2017.??.??"]
[EventType "swiss"]
[EventCountry "LAT"]
[SourceTitle "playchess.com"]
[Source "ChessBase"]
[SourceQuality "1"]

{[%evp 11,55,4,58,24,104,48,85,85,85,85,87,83,89,90,97,83,72,58,147,129,193,187,187,183,175,177,195,201,237,237,291,245,260,190,193,208,274,260,337,291,419,422,890,733,714,708]} 1. d4 d5 2. c4 c6 3. e3 Nf6 4. Nc3 a6 5. Nf3 Bf5 6. Ne5 {D15: Slav Defence: 4 Nc3 a6 and gambit lines after 4 Nc3 dxc4} (6. Be2 h6 7. Qb3 b5 8. cxd5 cxd5 9. a4 b4 10. Qxb4 Nc6 11. Qb3 e6 12. O-O Bd6 13. a5 O-O {½-½ (102) Wojtaszek,R (2736)-Fedoseev,V (2726) Dortmund 2017}) 6... b5 {LiveBook: 6 Games} (6... Nbd7 $11) 7. g4 Be6 $146 (7... Bc8 $1 $11) ({Predecessor:} 7... Bc8 8. cxd5 cxd5 9. g5 Ne4 10. Nxe4 dxe4 11. a4 b4 12. Bg2 Bb7 13. Qg4 Qd5 14. Bd2 a5 15. Rc1 Nd7 16. Bxe4 {1-0 (16) Fridman,D (2571)-Jirka,J (2400) Pardubice 2002}) 8. c5 (8. g5 $16) 8... Qc8 {[%cal Rf6g4]} 9. f3 g6 10. h4 h5 {[%cal Rh5g4]} 11. g5 Nfd7 {With the idea ...Nxe5.} 12. Nd3 Bg7 13. Be2 Qc7 14. a4 bxa4 (14... Qg3+ $14 15. Kd2 b4) 15. Rxa4 Bf5 (15... Qg3+ $16 {was worth a try.} 16. Kd2 O-O) 16. e4 $36 {[%mdl 2048] Black is under strong pressure.} Qg3+ 17. Kd2 dxe4 18. fxe4 Bg4 19. Kc2 e5 20. d5 {[%cal Bd4d5,Bd5d6][%mdl 32]} Ra7 21. Bd2 Rc7 22. d6 Rb7 23. Qf1 f6 24. Bxg4 Qxg4 25. gxf6 Bxf6 (25... O-O $142 26. Rg1 Rxf6 27. Rxg4 Rxf1 28. Rxg6 Rh1) 26. Rg1 Qxh4 (26... Qe6 $142 27. Rxg6 Rg8) 27. Be1 Qh2+ 28. Bf2 {Precision: White = 74%, Black = 19%.} 1-0

[Event "7th RTU Open 2017"]
[Site "Riga"]
[Date "2017.08.07"]
[Round "1"]
[White "Boruchovsky, Avital"]
[Black "Narva, Mai"]
[Result "1-0"]
[WhiteElo "2556"]
[BlackElo "2210"]
[Annotator "TA"]
[PlyCount "73"]
[EventDate "2017.??.??"]
[EventType "swiss"]
[EventCountry "LAT"]
[SourceTitle "playchess.com"]
[Source "ChessBase"]
[SourceQuality "1"]

{[%evp 19,73,71,85,37,68,34,47,28,34,43,107,119,131,127,125,37,32,37,18,16,22,16,16,12,20,15,16,16,41,39,39,44,97,94,143,130,158,104,137,135,121,155,130,143,408,413,449,427,421,383,547,203,1022,1015,1358,1295]} 1. e4 c5 2. c3 d5 3. exd5 Qxd5 4. d4 Nc6 5. Nf3 Nf6 6. Be2 e6 7. Na3 {[%cal Bb1a3,Ba3b5,Bb5c7][%mdl 32]} Be7 {B22: Sicilian: 2 c3} (7... cxd4 8. Nb5 Qd8 9. Nbxd4 Nxd4 10. Qxd4 Qxd4 11. Nxd4 Bd7 12. Bf4 Nd5 13. Bg3 h5 14. h4 Bc5 15. O-O-O O-O-O 16. Bf3 Ne7 17. Nb3 Bb6 18. Bd6 Nf5 19. Bc5 {½-½ (30) Schneider,I (2481)-Predojevic,B (2639) Austria 2016}) 8. Nb5 Qd8 9. dxc5 Bxc5 10. Qxd8+ Kxd8 {LiveBook: 4 Games} 11. Bf4 a6 12. Rd1+ $146 ({Predecessor:} 12. Nd6 Ke7 13. Nc4 b5 14. Be3 Nd7 15. Bxc5+ Nxc5 {0-1 (42) Caranicas,A-Nakamura,H (2281) Saint Paul 2000}) 12... Ke7 $1 13. Nc7 Ra7 $1 14. b4 Nxb4 ({Better is} 14... Bb6 $1 $14) 15. cxb4 $16 Bxb4+ 16. Kf1 b5 17. Nd4 (17. a4 $16) 17... Bd7 $1 $14 18. a4 {[%cal Ra4b5]} Ba5 $1 {[%cal Ra5c7]} 19. Nxa6 Rxa6 20. Bxb5 Raa8 21. Nc6+ Bxc6 $1 22. Bxc6 {[#] Bd6+ is the strong threat.} Rhd8 23. Ke2 $36 {[%mdl 2048] White has some pressure.} Rac8 24. Rxd8 Bxd8 25. Rc1 Bb6 {[#]} (25... Ba5 $14) 26. Bd2 $1 $16 Ng4 27. a5 {[%cal Ba4a5,Ba5a6][%mdl 32]} Ba7 28. f3 ({White should play} 28. Bb4+ Kf6 29. Bd2) 28... Ne5 29. Bb4+ Kd8 30. Rd1+ Kc7 31. Be4 {Hoping for Bd6+.} Nc4 $2 {[%mdl 8192]} (31... Nc6 $16) 32. a6 $18 Kb6 33. Be1 Rc7 34. Rb1+ Kc5 (34... Kxa6 $142 35. Bd3 (35. Bxh7 g6 $14) 35... g6) 35. g3 $2 (35. Bb7 Kd6 36. Bg3+ e5 37. Bf2) 35... Rd7 $2 (35... Kd6 36. g4 (36. Bxh7 g6 $18) 36... e5 37. Rd1+ Kc5) 36. Bf2+ Kd6 37. Rd1+ {Precision: White = 73%, Black = 33%.} 1-0

[Event "7th RTU Open 2017"]
[Site "Riga"]
[Date "2017.08.07"]
[Round "1"]
[White "Shyam, Sundar M"]
[Black "Kirszenberg, Marc"]
[Result "1-0"]
[WhiteElo "2547"]
[BlackElo "2204"]
[Annotator "TA"]
[PlyCount "77"]
[EventDate "2017.??.??"]
[EventType "swiss"]
[EventCountry "LAT"]
[SourceTitle "playchess.com"]
[Source "ChessBase"]
[SourceQuality "1"]

{[%evp 13,77,4,12,0,46,34,44,34,193,189,203,186,186,191,188,199,231,193,260,250,262,104,191,222,211,197,177,174,197,196,190,167,203,197,215,216,250,252,292,258,255,271,281,279,282,286,281,267,276,276,308,305,326,331,337,318,308,270,283,277,354,377,406,400,456,462]} 1. e4 c6 2. d4 d5 3. exd5 cxd5 4. c4 Nf6 5. Nc3 Nc6 6. Bg5 Be6 7. a3 Qd7 (7... dxc4 8. Bxf6 exf6 9. d5 $16) 8. Be2 {B13: Caro-Kann: Exchange Variation and Panov-Botvinnik Attack} h6 (8... dxc4 $6 9. Bxf6 gxf6 10. d5 $16) (8... Rd8 9. Bxf6 exf6 10. c5 g6 11. b4 a6 12. b5 axb5 13. Nxb5 Be7 14. Nf3 O-O 15. O-O Ra8 16. Rb1 Rfe8 17. Qd2 {½-½ (17) Amin,B (2654)-Dreev,A (2664) Helsingor 2016}) 9. Bxf6 $1 exf6 10. Bf3 {[%cal Rc4d5] White is slightly better.} dxc4 $146 {[#]} ({Black should play} 10... Ne7 $1 $14) ({Predecessor:} 10... Ne7 11. c5 g5 12. h3 Bg7 13. Nge2 h5 14. Ng3 h4 15. Nh5 Kf8 {½-½ (44) Perunovic,M (2439)-Ratkovic,M (2414) Kragujevac 2016}) 11. d5 $18 Ne5 12. dxe6 Nd3+ 13. Kf1 fxe6 14. Bh5+ Kd8 15. Be2 Bc5 (15... Nxb2 {was called for.} 16. Qc2 Nd3) 16. Bxd3 $1 cxd3 17. Na4 $2 (17. h4 $18) 17... Bb6 (17... Rc8 $16 {keeps fighting.}) 18. Qb3 Ke7 19. Rd1 (19. Nxb6 $6 axb6 20. h4 (20. Qxb6 Rac8 $16) 20... Rhd8 $16) 19... Rhd8 20. Nf3 (20. Nxb6 $6 axb6 21. Nf3 (21. Qxb6 Qa4 $16) 21... Ra5 $14) 20... Rac8 21. Nxb6 axb6 22. g3 (22. Qxb6 Qd5 $16) 22... Rc5 23. Kg2 (23. Qxb6 $6 Rb5 $16) 23... g5 24. Rhe1 {Threatens to win with Rxd3!} ({Much less strong is} 24. Qxb6 Rb5) 24... Qc6 {[#]} 25. Kg1 $1 ({Stronger than} 25. Rxd3 Rxd3 26. Qxd3 g4 $11) 25... Rcd5 26. Qb4+ Kf7 27. Qe4 Rf5 {...Qxe4 is the strong threat.} 28. Nd2 Qxe4 29. Nxe4 ({Weaker is} 29. Rxe4 Rc5 $16) 29... Rfd5 30. f3 f5 31. Nc3 R5d7 32. Re5 Kf6 33. Rb5 Rd6 34. Kf2 h5 35. f4 gxf4 36. gxf4 Rg8 37. Ke3 Rg2 38. Rd2 Rg1 {and the idea ...Re1+ leaves Black hopeful.} 39. Rxd3 {Precision: White = 81%, Black = 27%.} 1-0

[Event "7th RTU Open 2017"]
[Site "Riga"]
[Date "2017.08.07"]
[Round "1"]
[White "Sarana, Alexey"]
[Black "Solozhenkina, Elizaveta"]
[Result "1/2-1/2"]
[WhiteElo "2540"]
[BlackElo "2200"]
[Annotator "TA"]
[PlyCount "88"]
[EventDate "2017.??.??"]
[EventType "swiss"]
[EventCountry "LAT"]
[SourceTitle "playchess.com"]
[Source "ChessBase"]
[SourceQuality "1"]

{[%evp 10,88,0,-4,-6,0,0,-3,20,14,28,20,10,16,13,2,7,11,18,8,8,9,15,15,0,0,0,0,0,0,0,-7,-18,-9,0,0,0,0,25,-43,-29,-15,0,0,0,-4,19,0,0,0,80,0,0,0,0,-12,0,0,0,0,0,0,0,0,0,0,0,0,0,0,0,0,0,0,0,0,0,0,0,0,0]} 1. Nf3 Nf6 2. d4 d5 3. Bg5 e6 4. e3 Be7 5. Bd3 h6 6. Bh4 O-O {D03: 1 d4 d5 2 Nf3 Nf6 3 Bg5, including Torre Attack with early ...d5} 7. O-O c5 (7... b6 8. Ne5 Bb7 9. Nd2 c5 10. c3 Nbd7 11. f4 a6 12. Qe2 b5 13. f5 exf5 14. Rxf5 g6 15. Bxf6 Nxf6 16. Rf4 Bd6 17. Raf1 Bxe5 18. dxe5 Nh5 19. R4f2 {½-½ (31) Ornstein,A (2338)-Sevian,S (2603) Stockholm 2017}) 8. dxc5 Bxc5 9. c4 Be7 $146 ({Predecessor:} 9... Nc6 10. a3 Be7 11. Nc3 dxc4 12. Bxc4 Nd5 13. Bxe7 Ncxe7 14. Bxd5 exd5 15. Qb3 b6 16. Rfd1 Be6 17. Nd4 Qd7 18. Rd2 Rfd8 19. Rad1 Rac8 20. e4 {1-0 (38) Hamza,A (1883)-Iordanidou,Z (2060) Kemer 2009}) 10. Nc3 dxc4 11. Bxc4 a6 12. Qe2 b5 13. Rfd1 Qb6 14. Bb3 Nc6 15. e4 Nd7 16. Bxe7 Nxe7 17. e5 Nc5 18. Bc2 Bb7 19. b4 Na4 $1 {[%cal Ra4c3]} 20. Bxa4 bxa4 21. a3 Bc6 22. Nd4 Nd5 23. Rac1 Rac8 24. h4 (24. Nxc6 $11 Rxc6 25. Nxd5 (25. Nxa4 Rxc1 26. Rxc1 Qb5 $11) 25... exd5 26. Rxc6 Qxc6 27. Qd3) 24... Nxc3 $15 25. Rxc3 Bb5 (25... Bb7 $5 {[%cal Rc8c3]} 26. Rg3 Rfd8 $11) 26. Qe3 Rfd8 27. Rd2 Qb8 28. Rc5 Rxc5 29. bxc5 Rd5 (29... Be8 $11 {keeps the balance.}) 30. Nf3 ({White should play} 30. Nxb5 $16 Rxe5 31. Rd8+ Qxd8 32. Qxe5 axb5 33. c6) 30... Bc6 $11 {The position is equal.} 31. Rxd5 Bxd5 32. Nd4 Qc7 33. c6 Qb6 $1 34. Qc3 Qb1+ 35. Kh2 {[#] Strongly threatening c7.} Qe4 {[%csl Gd5][%cal Re4g2]} 36. f3 Qxe5+ 37. Kh3 Bxc6 38. Qxc6 Qxd4 {[%mdl 4096] Endgame KQ-KQ} 39. Qe8+ Kh7 {Threatens to win with ...Qf4.} 40. Qxf7 Qe3 (40... Qf6 $5 {[%cal Rf6f7]} 41. Qd7 Qf5+ 42. Kg3 Qe5+ 43. Kh3 Qf5+ 44. Kg3 Qe5+ 45. Kh3 Qf5+ $11) 41. h5 Qxa3 {[#] White must now prevent ...Qd3.} 42. Qg6+ Kh8 {Hoping for ...Qe7.} 43. Qe8+ Kh7 {...Qd3 is the strong threat.} 44. Qg6+ Kh8 {Precision: White = 73%, Black = 68%.} 1/2-1/2